[Event "49th Biel Master Open"]
[Site "Biel SUI"]
[Date "2016.07.25"]
[Round "1.1"]
[White "Mroziak, Maciej"]
[Black "Vitiugov, Nikita"]
[Result "1/2-1/2"]
[BlackTitle "GM"]
[WhiteElo "2306"]
[BlackElo "2728"]
[WhiteFideId "1139665"]
[BlackFideId "4152956"]
[EventDate "2016.07.25"]

1. e4 c5 2. c3 d6 3. d4 Nf6 4. Bd3 g6 5. e5 dxe5 6. dxe5 c4 7. Qa4+ Bd7 8. Qxc4
Ng4 9. f4 Nc6 10. Be4 Bg7 11. Nf3 O-O 12. h3 Nh6 13. Be3 Rc8 14. Qe2 f6 15. O-O
fxe5 16. fxe5 Nf7 17. Na3 Qa5 18. Rad1 Be6 19. Nd4 Nxd4 20. cxd4 Bxa2 21. Ra1
Bb3 22. Nb5 Qb4 23. Nc3 Bc4 24. Bd3 Bxd3 25. Qxd3 e6 26. Rxa7 Qxb2 27. Ne4 Rc2
28. Rf2 Rxf2 29. Nxf2 Nh6 30. Qe4 Qe2 31. Qxb7 Nf5 32. Ng4 Qe1+ 33. Kh2 Qg3+ 34.
Kg1 Qe1+ 35. Kh2 Qg3+ 36. Kg1 Qe1+ 1/2-1/2

[Event "49th Biel Master Open"]
[Site "Biel SUI"]
[Date "2016.07.25"]
[Round "1.2"]
[White "Rodshtein, Maxim"]
[Black "Todorovic, Nenad I"]
[Result "1-0"]
[WhiteTitle "GM"]
[WhiteElo "2698"]
[BlackElo "2306"]
[WhiteFideId "2806851"]
[BlackFideId "912832"]
[EventDate "2016.07.25"]

1. d4 Nf6 2. c4 e6 3. Nf3 b6 4. g3 Ba6 5. b3 Bb4+ 6. Bd2 Be7 7. Nc3 c6 8. e4 d5
9. Bd3 c5 10. e5 Nfd7 11. Be3 cxd4 12. Bxd4 Nc5 13. Bxc5 Bxc5 14. O-O Bb4 15.
Rc1 Bxc3 16. Rxc3 dxc4 17. Be4 Nd7 18. Bxa8 Qxa8 19. Qd6 Nc5 20. Rd1 Bb7 21. b4
Bxf3 22. Rxf3 Nd3 23. Rfxd3 cxd3 24. Rxd3 Qc8 25. b5 h5 26. h4 g5 27. hxg5 h4
28. g4 Qc1+ 29. Kh2 Qc8 30. Kh3 Rg8 31. f4 Qa8 32. Qd7+ Kf8 33. Qd8+ 1-0

[Event "49th Biel Master Open"]
[Site "Biel SUI"]
[Date "2016.07.25"]
[Round "1.3"]
[White "Beckhuis, Gernod"]
[Black "Safarli, Eltaj"]
[Result "0-1"]
[WhiteTitle "FM"]
[BlackTitle "GM"]
[WhiteElo "2295"]
[BlackElo "2678"]
[WhiteFideId "4613732"]
[BlackFideId "13402129"]
[EventDate "2016.07.25"]

1. d4 Nf6 2. c4 e6 3. Nf3 b6 4. g3 Ba6 5. b3 Bb7 6. Bg2 Bb4+ 7. Bd2 a5 8. O-O
O-O 9. Nc3 d6 10. Qc2 Nbd7 11. Rfe1 Bxc3 12. Bxc3 Be4 13. Qb2 c6 14. Bh3 d5 15.
Nd2 Bg6 16. Bg2 b5 17. cxb5 cxb5 18. Nf3 Ne4 19. Rec1 h6 20. Be1 Qb6 21. Nd2 Nd6
22. a4 Rfb8 23. Bf1 h5 24. e3 h4 25. Nf3 hxg3 26. hxg3 bxa4 27. Rxa4 Nc4 28.
Bxc4 dxc4 29. Raxc4 Be4 30. Nd2 Bd5 31. Rc7 Nf6 32. Qc2 Ne8 33. Rc5 f5 34. Nc4
Qb7 35. Nxa5 Qf7 36. Qe2 g5 37. b4 g4 38. Rxd5 exd5 39. Rc5 Nf6 40. Qc2 Qh5 41.
b5 Kh8 42. Rc7 Ne8 43. Re7 Rxb5 44. Re5 Ng7 45. e4 Rbxa5 46. Bxa5 Rxa5 47. Qb1
Ra6 48. Rxf5 Nxf5 49. Qb8+ Kh7 50. Qb7+ Ng7 51. Qxa6 dxe4 52. Qf6 Qf5 53. Qh4+
Kg6 54. d5 Qg5 55. Qxg5+ Kxg5 56. Kf1 Kf6 57. Ke2 Nf5 0-1

[Event "49th Biel Master Open"]
[Site "Biel SUI"]
[Date "2016.07.25"]
[Round "1.4"]
[White "Shankland, Samuel L"]
[Black "Pfreundt, Jakob"]
[Result "1-0"]
[WhiteTitle "GM"]
[WhiteElo "2661"]
[BlackElo "2292"]
[WhiteFideId "2004887"]
[BlackFideId "12918156"]
[EventDate "2016.07.25"]

1. e4 e5 2. Nf3 Nc6 3. Bb5 Nf6 4. d3 d6 5. O-O Bd7 6. Re1 a6 7. Bxc6 Bxc6 8. Nc3
Be7 9. d4 O-O 10. dxe5 dxe5 11. Qxd8 Raxd8 12. Nxe5 Bxe4 13. Nxe4 Nxe4 14. Nd3
f5 15. f3 Bc5+ 16. Nxc5 Nxc5 17. Bg5 Rd5 18. Be7 Re8 19. c4 Kf7 20. cxd5 Rxe7
21. Rac1 Rxe1+ 22. Rxe1 a5 23. Kf1 f4 24. h4 g6 25. Rc1 1-0

[Event "49th Biel Master Open"]
[Site "Biel SUI"]
[Date "2016.07.25"]
[Round "1.5"]
[White "Saravanan, V."]
[Black "Saric, Ivan"]
[Result "0-1"]
[WhiteTitle "IM"]
[BlackTitle "GM"]
[WhiteElo "2281"]
[BlackElo "2660"]
[WhiteFideId "5000580"]
[BlackFideId "14508150"]
[EventDate "2016.07.25"]

1. Nf3 g6 2. c4 Bg7 3. e4 e5 4. d4 exd4 5. Nxd4 Nf6 6. Nc3 O-O 7. Be2 Re8 8. f3
c6 9. Nc2 d5 10. cxd5 cxd5 11. exd5 Qb6 12. Qd4 Nbd7 13. Qxb6 Nxb6 14. Ne3 Bd7
15. Kf2 Bf8 16. Bd2 Bc5 17. Rhe1 Nfxd5 18. Nxd5 Nxd5 19. Bc4 Nxe3 20. Bxe3 Rxe3
21. Rxe3 Re8 22. Re1 g5 23. g3 Kg7 24. Bd5 Bc6 25. Bb3 f5 26. f4 g4 27. Bc2 Kf6
28. Re2 a5 29. a3 Bb5 30. Re1 Re7 31. Bb3 Bd3 32. Bd5 a4 33. Ba2 b5 34. b4 axb3
35. Bxb3 Bc4 36. Bc2 Rd7 37. Rd1 Ra7 38. Ra1 b4 39. a4 b3 0-1

[Event "49th Biel Master Open"]
[Site "Biel SUI"]
[Date "2016.07.25"]
[Round "1.6"]
[White "Meier, Georg"]
[Black "Martin, Julian"]
[Result "1-0"]
[WhiteTitle "GM"]
[BlackTitle "FM"]
[WhiteElo "2657"]
[BlackElo "2280"]
[WhiteFideId "4675789"]
[BlackFideId "12941000"]
[EventDate "2016.07.25"]

1. Nf3 Nf6 2. g3 b5 3. Bg2 Bb7 4. O-O e6 5. d3 Be7 6. e4 d6 7. Nd4 a6 8. Nb3 c5
9. e5 Bxg2 10. exf6 Bxf1 11. fxe7 Qxe7 12. Qxf1 Nc6 13. Be3 O-O 14. f4 Rfe8 15.
Nc3 Nb4 16. Qg2 d5 17. a3 Nxc2 18. Qxc2 d4 19. Nxd4 cxd4 20. Bxd4 Qd6 21. Qf2
Red8 22. Bb6 Rdb8 23. Bd4 Rd8 24. Bb6 Rdb8 25. Ba5 Qxd3 26. Rd1 Qg6 27. Qf3 h6
28. Ne4 Rf8 29. Nc5 Qc2 30. b4 Rfc8 31. Qd3 Qb2 32. Rd2 Qc1+ 33. Kg2 Re8 34. Re2
h5 35. Qf3 Qa1 36. Re3 Qd4 37. Re5 h4 38. gxh4 Qb2+ 39. Kh3 Qb1 40. Re2 1-0

[Event "49th Biel Master Open"]
[Site "Biel SUI"]
[Date "2016.07.25"]
[Round "1.7"]
[White "Hakimifard, Ghazal"]
[Black "Sethuraman, S.P."]
[Result "1/2-1/2"]
[WhiteTitle "WIM"]
[BlackTitle "GM"]
[WhiteElo "2271"]
[BlackElo "2656"]
[WhiteFideId "12506540"]
[BlackFideId "5021596"]
[EventDate "2016.07.25"]

1. e4 g6 2. d4 Bg7 3. Nf3 d6 4. c3 Nf6 5. Bd3 O-O 6. O-O Nc6 7. h3 e5 8. Re1 h6
9. Nbd2 Nh5 10. dxe5 dxe5 11. Nc4 Be6 12. Be3 b5 13. Na3 a6 14. Bf1 Qe7 15. Nc2
Rfd8 16. Qc1 Kh7 17. Nb4 Nxb4 18. cxb4 Nf4 19. Qc3 g5 20. Rec1 Rac8 21. a4 c6
22. Bc5 Qf6 23. axb5 axb5 24. Ra7 Re8 25. Rd1 Rcd8 26. Rxd8 Qxd8 27. Nd2 Qb8 28.
Kh2 Rd8 29. g3 Ng6 30. Nb3 Rd7 31. Rxd7 Bxd7 32. Qd2 Be8 33. Be2 Bf6 34. Bg4 Kg7
35. Qc3 Qd8 36. Qd2 Qc7 37. Qd6 Qxd6 38. Bxd6 Be7 39. Bc5 Kf6 40. Kg2 Nf8 41.
Kf3 Bxc5 42. bxc5 Ke7 43. Na5 f6 44. b4 h5 45. Bf5 Bd7 46. g4 h4 47. Ke3 Kd8 48.
Nb7+ Kc7 49. Nd6 Kd8 50. f3 Be6 51. Nb7+ Kc7 52. Nd6 Kd7 53. Nb7 Ke7 54. Na5 Bd7
55. Nb7 Bxf5 56. gxf5 Nd7 57. Na5 Nb8 58. Kd3 Kd7 59. Nb3 Na6 60. Kc3 Nc7 61.
Nc1 Ne8 62. Ne2 Ke7 63. Kd3 Nc7 64. Nc1 Na6 65. Na2 Kf7 66. Ke3 Nb8 67. Kf2 Na6
68. Ke2 Ke7 69. Ke3 Kd7 70. Kf2 Nb8 71. Nc1 Kd8 72. Na2 Kc8 73. Ke3 Nd7 74. Nc1
Kc7 75. Nd3 Nf8 76. Nf2 Kd7 77. Nd3 Nh7 78. Ke2 Ke7 79. Nf2 Kf7 80. Ke3 Nf8 81.
Nd3 Nd7 82. Nc1 Nb8 83. Kf2 Kg7 84. Ke3 Na6 85. Na2 Nc7 86. Nc1 Kf8 87. Kf2 Ne8
88. Ne2 Ke7 89. Ke3 Ng7 90. Kf2 Kd7 91. Ke3 Kc7 92. Kf2 Nh5 93. Kg2 Kc8 94. Kf2
Ng7 95. Ke3 Ne8 96. Nc1 Nc7 97. Kd2 Na6 98. Na2 Nb8 99. Nc1 Nd7 100. Nd3 1/2-1/2

[Event "49th Biel Master Open"]
[Site "Biel SUI"]
[Date "2016.07.25"]
[Round "1.8"]
[White "Bachmann, Axel"]
[Black "Bartel, Marta"]
[Result "1-0"]
[WhiteTitle "GM"]
[BlackTitle "WGM"]
[WhiteElo "2649"]
[BlackElo "2260"]
[WhiteFideId "3700488"]
[BlackFideId "1123009"]
[EventDate "2016.07.25"]

1. g3 Nf6 2. Bg2 d5 3. Nf3 g6 4. O-O Bg7 5. d3 O-O 6. Nbd2 Nc6 7. e4 e5 8. exd5
Nxd5 9. Re1 Re8 10. a3 a5 11. Rb1 a4 12. c4 Nf6 13. b4 axb3 14. Rxb3 Bf5 15. Bb2
Nd7 16. Nh4 Nc5 17. Nxf5 gxf5 18. Rxb7 Ra6 19. Rb5 Nxd3 20. Rd5 Nxb2 21. Rxd8
Rxd8 22. Qh5 Nd4 23. Bd5 Rf8 24. Nf3 Rh6 25. Qg5 Nxf3+ 26. Bxf3 Nxc4 27. Qxf5
Nxa3 28. Qd3 f5 29. Bd5+ Kh8 30. Qxa3 Rd6 31. Qc5 e4 32. Bb3 Rd3 33. Bc4 Rdd8
34. Be6 f4 35. Rxe4 fxg3 36. hxg3 1-0

[Event "49th Biel Master Open"]
[Site "Biel SUI"]
[Date "2016.07.25"]
[Round "1.9"]
[White "Schaerer, Julian"]
[Black "Bartel, Mateusz"]
[Result "0-1"]
[BlackTitle "GM"]
[WhiteElo "2260"]
[BlackElo "2649"]
[WhiteFideId "1321048"]
[BlackFideId "1112635"]
[EventDate "2016.07.25"]

1. e4 e6 2. d4 d5 3. Nc3 Bb4 4. e5 c5 5. Bd2 Ne7 6. Nce2 Bxd2+ 7. Qxd2 b6 8. f4
Ba6 9. Nf3 Nbc6 10. c3 O-O 11. Ng3 Bxf1 12. Nxf1 f6 13. exf6 Rxf6 14. g3 Qe8 15.
Ne3 Qg6 16. Qc2 Qh5 17. O-O h6 18. Qd1 Rc8 19. Ne5 Qxd1 20. Raxd1 Nxe5 21. dxe5
Rff8 22. Rd2 Rfd8 23. Rfd1 Kf7 24. Kg2 b5 25. g4 g6 26. Kg3 a5 27. f5 gxf5 28.
gxf5 Rg8+ 29. Kh3 Rcd8 30. Rf2 exf5 31. Nxf5 Nxf5 32. Rxf5+ Ke6 33. Rf6+ Kxe5
34. Rb6 d4 35. Rxb5 d3 36. Rxc5+ Kf4 37. Rc6 Rge8 38. Rg6 d2 39. Rg2 Ke3 40. Kh4
Rd5 41. Rg3+ Ke2 42. Rdg1 Re4+ 43. Kh3 Rh5+ 0-1

[Event "49th Biel Master Open"]
[Site "Biel SUI"]
[Date "2016.07.25"]
[Round "1.10"]
[White "Edouard, Romain"]
[Black "Steinbacher, Matthias"]
[Result "1-0"]
[WhiteTitle "GM"]
[BlackTitle "FM"]
[WhiteElo "2639"]
[BlackElo "2259"]
[WhiteFideId "633429"]
[BlackFideId "4600908"]
[EventDate "2016.07.25"]

1. d4 e6 2. c4 Bb4+ 3. Nc3 f5 4. g3 Nf6 5. Bg2 O-O 6. Nf3 a6 7. O-O b5 8. Ne5
Ra7 9. Qb3 c5 10. cxb5 Bb7 11. d5 Bxc3 12. dxe6 dxe6 13. b6 Bxg2 14. bxa7 Bxe5
15. axb8=Q Qxb8 16. Qxe6+ Kh8 17. Kxg2 f4 18. Qc6 g5 19. Rb1 c4 20. Bd2 Rc8 21.
Qxa6 Kg7 22. Bc3 Rc5 23. Rfd1 Nd5 24. Qe6 Bxc3 25. Rxd5 Rxd5 26. Qxd5 Be5 27.
Qxc4 Qb7+ 28. Kg1 h5 29. Qe6 Bd4 30. Rd1 Qa7 31. Qd5 Bxf2+ 32. Kg2 1-0

[Event "49th Biel Master Open"]
[Site "Biel SUI"]
[Date "2016.07.25"]
[Round "1.11"]
[White "Henderson de La Fuente, Lance"]
[Black "Sasikiran, Krishnan"]
[Result "0-1"]
[BlackTitle "GM"]
[WhiteElo "2258"]
[BlackElo "2639"]
[WhiteFideId "32096585"]
[BlackFideId "5004985"]
[EventDate "2016.07.25"]

1. e4 g6 2. d4 Bg7 3. Nc3 d6 4. h3 a6 5. a4 b6 6. Nf3 Bb7 7. Be3 e6 8. Qd2 Nd7
9. Bd3 h6 10. O-O Ne7 11. Rae1 g5 12. h4 g4 13. Nh2 Nc6 14. Be2 Qxh4 15. Bxg4
O-O-O 16. f4 Rdg8 17. Bf2 Qe7 18. e5 Kb8 19. d5 Nd8 20. a5 dxe5 21. axb6 cxb6
22. d6 Qe8 23. Na4 f5 24. Bf3 e4 25. Be2 Bf6 26. Be3 Rg3 27. Rf2 Nc6 28. Nf1
Rxe3 29. Nxe3 Rg8 30. Ra1 b5 31. Nc3 Nd4 32. Ncd1 Qd8 33. Ra2 Nc5 34. b4 Na4 35.
c3 Nxe2+ 36. Rxe2 Nb6 37. Nb2 Nd5 38. Nxd5 exd5 39. Nd1 Qxd6 40. Ne3 Qe6 41. Nc2
Rc8 42. Nd4 Qb6 43. Kh2 Rc4 44. Re3 Bxd4 45. cxd4 Rxd4 46. Qc3 Ka7 47. Ra1 Rc4
48. Qd2 d4 49. Rg3 e3 50. Qd3 Qf6 51. Rh3 Be4 52. Qa3 Rc2 53. Ra2 e2 54. Rxc2
e1=Q 55. Rc7+ Kb8 56. Rh7 Qf2 57. Qg3 Qxg3+ 58. Rxg3 Qh4+ 59. Rh3 Qxf4+ 60. Rg3
Qxg3+ 0-1

[Event "49th Biel Master Open"]
[Site "Biel SUI"]
[Date "2016.07.25"]
[Round "1.12"]
[White "Balogh, Csaba"]
[Black "Choukri, Adel"]
[Result "1-0"]
[WhiteTitle "GM"]
[BlackTitle "CM"]
[WhiteElo "2635"]
[BlackElo "2256"]
[WhiteFideId "718939"]
[BlackFideId "9000399"]
[EventDate "2016.07.25"]

1. e4 e6 2. d4 d5 3. Nd2 Nf6 4. e5 Nfd7 5. Bd3 c5 6. c3 Nc6 7. Ne2 cxd4 8. cxd4
f6 9. exf6 Nxf6 10. Nf3 Bd6 11. O-O Qc7 12. h3 O-O 13. Be3 Bd7 14. Re1 h6 15.
Nh4 Be8 16. Rc1 g5 17. Ng6 Bxg6 18. Bxg6 Qg7 19. Bb1 Ne7 20. Ng3 Qf7 21. Qd3
Bxg3 22. fxg3 Nf5 23. g4 Nd6 24. Bf2 Nde4 25. Bg3 Rac8 26. Rxc8 Rxc8 27. Rf1 Qe7
28. Qe3 Nxg3 29. Qxg3 Nd7 30. Qd3 Qg7 31. Qe3 Nf8 32. Bd3 Rc7 33. g3 Rf7 34. Rc1
Rc7 35. Re1 Rf7 36. Kg2 Rc7 37. Rh1 Re7 38. h4 gxh4 39. Rxh4 Qg5 40. Kf3 e5 41.
dxe5 Rxe5 42. Qxg5+ hxg5 43. Rh1 Ne6 44. Rc1 Kg7 45. b4 Kf6 46. Rh1 Nf8 47. Bf5
Re7 48. Rh6+ Ke5 49. Ke3 Ne6 50. Kd3 a5 51. a3 axb4 52. axb4 Nd4 53. Rg6 Nc6 54.
b5 Na7 55. Rb6 d4 56. Be4 Rc7 57. Bxb7 Rc3+ 58. Kd2 Rxg3 59. Ra6 Nxb5 60. Ra5
Rb3 61. Bc6 Kf4 62. Bxb5 Kxg4 63. Bd7+ Kf4 64. Rf5+ Ke4 65. Rxg5 Rb2+ 66. Kc1
Rh2 67. Bc6+ Kd3 68. Rg3+ Kc4 69. Bg2 Rh7 70. Kd2 Rf7 71. Bf3 Re7 72. Be2+ Kd5
73. Rg5+ Re5 74. Bf3+ Kd6 75. Rg6+ Re6 76. Rg8 Re3 77. Rf8 Ra3 78. Be4 Ke5 79.
Re8+ Kd6 80. Bh1 Rh3 81. Bb7 Rb3 82. Ba6 Re3 83. Rd8+ Kc5 84. Rc8+ Kd6 85. Rh8
Rg3 86. Rh6+ Kc5 87. Rh5+ Kd6 88. Bc4 Kc6 89. Rd5 Rg6 90. Kd3 Rg1 91. Rh5 Rd1+
92. Ke4 Rg1 93. Bd5+ Kc5 94. Bb7+ Kb6 95. Bd5 Kc5 96. Be6+ Kd6 97. Bc4 Rg4+ 98.
Kd3 Rf4 99. Bd5 Rf1 100. Be4 Rd1+ 101. Kc4 Ra1 102. Rd5+ Ke6 103. Bf5+ Kf6 104.
Kxd4 Ra4+ 105. Ke3 Ra3+ 106. Kf4 Ra4+ 107. Be4 Ke6 108. Rh5 Ra1 109. Rh6+ Kd7
110. Ke5 Kc7 111. Rc6+ Kd7 112. Rb6 Rc1 113. Rh6 Re1 114. Rh7+ Ke8 115. Kd5 Kf8
116. Ra7 Kg8 117. Ke5 Re2 118. Kf5 Kf8 119. Bd5 Ke8 120. Kf6 Kd8 121. Be6 Rc2
122. Rd7+ Ke8 123. Rd6 Rf2+ 124. Bf5 Re2 125. Bg6+ 1-0

[Event "49th Biel Master Open"]
[Site "Biel SUI"]
[Date "2016.07.25"]
[Round "1.13"]
[White "Stoeri, Simon"]
[Black "Baklan, Vladimir"]
[Result "0-1"]
[BlackTitle "GM"]
[WhiteElo "2229"]
[BlackElo "2618"]
[WhiteFideId "1315862"]
[BlackFideId "14102196"]
[EventDate "2016.07.25"]

1. e4 c5 2. Nc3 d6 3. d3 Nc6 4. g3 g6 5. Bg2 Bg7 6. Be3 Rb8 7. Qd2 b5 8. Nge2 b4
9. Nd1 Nd4 10. O-O e5 11. Nc1 h5 12. c3 bxc3 13. bxc3 h4 14. f4 hxg3 15. hxg3
exf4 16. Bxf4 Ne6 17. Ne2 Nf6 18. Ne3 Nh5 19. Nd5 Nexf4 20. Ndxf4 Qg5 21. Qe3
Bg4 22. Rab1 Rxb1 23. Rxb1 O-O 24. Bf3 Bh6 25. Kg2 Nf6 26. Qf2 Bc8 27. Rb2 Re8
28. Rb8 Qe5 29. Rb1 g5 30. Nh5 g4 31. Rh1 Nxh5 0-1

[Event "49th Biel Master Open"]
[Site "Biel SUI"]
[Date "2016.07.25"]
[Round "1.14"]
[White "Jumabayev, Rinat"]
[Black "Kaufmann, Werner"]
[Result "1-0"]
[WhiteTitle "GM"]
[BlackTitle "FM"]
[WhiteElo "2613"]
[BlackElo "2228"]
[WhiteFideId "13702661"]
[BlackFideId "1302248"]
[EventDate "2016.07.25"]

1. Nf3 c5 2. g3 b6 3. Bg2 Bb7 4. O-O Nf6 5. Re1 g6 6. d4 cxd4 7. Qxd4 Bg7 8. e4
d6 9. e5 Nfd7 10. Qc4 d5 11. Qh4 e6 12. Qxd8+ Kxd8 13. c4 dxc4 14. Na3 Bd5 15.
Ng5 Ke7 16. Nxc4 Nc6 17. b3 Ndxe5 18. Bxd5 Nd3 19. Bxc6 Bxa1 20. Ba3+ Kf6 21.
Ne4+ 1-0

[Event "49th Biel Master Open"]
[Site "Biel SUI"]
[Date "2016.07.25"]
[Round "1.15"]
[White "Bozinovic, Bogdan"]
[Black "Salem, A.R. Saleh"]
[Result "1/2-1/2"]
[WhiteTitle "FM"]
[BlackTitle "GM"]
[WhiteElo "2226"]
[BlackElo "2608"]
[WhiteFideId "14502593"]
[BlackFideId "9301348"]
[EventDate "2016.07.25"]

1. d4 Nf6 2. c4 g6 3. Nc3 Bg7 4. e4 d6 5. Nge2 Nc6 6. d5 Ne5 7. Ng3 h5 8. Be2 h4
9. Nf1 h3 10. g3 c6 11. Ne3 Qb6 12. O-O O-O 13. Kh1 Ned7 14. Rb1 Nc5 15. f3 a5
16. Nc2 Nxd5 17. Nxd5 cxd5 18. cxd5 f5 19. exf5 Bxf5 20. g4 Bd7 21. Be3 Rac8 22.
Nd4 Qd8 23. Qd2 Qe8 24. b3 Qf7 25. Rbc1 Be5 26. Qxa5 Ra8 27. Qd2 Ra3 28. Nb5
Bxb5 29. Bxb5 Bf4 30. Rc2 Qf6 31. Qf2 Bxe3 32. Qxe3 Re8 1/2-1/2

[Event "49th Biel Master Open"]
[Site "Biel SUI"]
[Date "2016.07.25"]
[Round "1.16"]
[White "Kunin, Vitaly"]
[Black "Rodshtein, Tereza"]
[Result "1-0"]
[WhiteTitle "GM"]
[BlackTitle "WGM"]
[WhiteElo "2592"]
[BlackElo "2217"]
[WhiteFideId "4128737"]
[BlackFideId "325449"]
[EventDate "2016.07.25"]

1. d4 d5 2. c4 c6 3. e3 Nf6 4. Nf3 Bf5 5. Nc3 e6 6. Nh4 Be4 7. f3 Bg6 8. Qb3 Qc7
9. g3 Bh5 10. g4 Bg6 11. Bd2 Be7 12. Nxg6 hxg6 13. O-O-O Nbd7 14. cxd5 exd5 15.
Kb1 Nb6 16. g5 Nh5 17. Rg1 Qxh2 18. Bd3 Qd6 19. Ne2 O-O-O 20. e4 Kb8 21. e5 Qe6
22. Rc1 c5 23. dxc5 Nc4 24. Bc3 Bxc5 25. Rg4 Be3 26. Nd4 Qb6 27. Qxb6 axb6 28.
Re1 Nd2+ 29. Kc2 Bxd4 30. Bxd2 Rc8+ 31. Kb3 Bf2 32. Re2 Bc5 33. e6 Rhf8 34. f4
Rc6 35. exf7 Rxf7 36. Bb5 Rd6 37. Kc3 Rc6 38. Bxc6 bxc6 39. Re6 Kc7 40. Rxg6 Bd6
41. Rh4 Ng3 42. Rh7 Bf8 43. Kd3 Ne4 44. Bc3 Nxc3 45. bxc3 1-0

[Event "49th Biel Master Open"]
[Site "Biel SUI"]
[Date "2016.07.25"]
[Round "1.17"]
[White "Midonet, Matthieu"]
[Black "Brkic, Ante"]
[Result "1/2-1/2"]
[BlackTitle "GM"]
[WhiteElo "2213"]
[BlackElo "2585"]
[WhiteFideId "26080575"]
[BlackFideId "14506688"]
[EventDate "2016.07.25"]

1. e4 e5 2. Nf3 Nc6 3. Bb5 a6 4. Ba4 Nge7 5. O-O g6 6. c3 Bg7 7. d4 exd4 8. cxd4
b5 9. Bc2 O-O 10. d5 Na5 11. a4 b4 12. Nbd2 d6 13. Nb3 Nc4 14. Qe2 a5 15. Bd3
Nb6 16. Nfd4 Bd7 17. Bb5 Qe8 18. Be3 Nec8 19. Qd3 Na7 20. Bxd7 Qxd7 21. Nxa5
Nxa4 22. Qc2 Nc5 23. Nab3 Nxb3 24. Qxb3 c5 25. dxc6 Nxc6 26. Rad1 Ne5 27. Qd5
Rfc8 28. b3 Ra2 29. Rc1 Rxc1 30. Bxc1 h5 31. h3 Qc7 32. Nb5 Qc2 33. Nxd6 Ra1 34.
Be3 Rxf1+ 35. Kxf1 Qb1+ 36. Ke2 Qc2+ 37. Kf1 Qb1+ 38. Ke2 Qc2+ 1/2-1/2

[Event "49th Biel Master Open"]
[Site "Biel SUI"]
[Date "2016.07.25"]
[Round "1.18"]
[White "Donchenko, Alexander"]
[Black "Renner, Kai"]
[Result "1-0"]
[WhiteTitle "GM"]
[WhiteElo "2583"]
[BlackElo "2206"]
[WhiteFideId "24603295"]
[BlackFideId "4622219"]
[EventDate "2016.07.25"]

1. d4 f5 2. Bg5 g6 3. Nc3 Bg7 4. h4 h6 5. Bf4 Nc6 6. Nf3 d6 7. d5 e5 8. dxc6
exf4 9. cxb7 Bxb7 10. Qd2 Be5 11. e3 fxe3 12. Qxe3 Qe7 13. O-O-O Nf6 14. Bb5+ c6
15. Nxe5 dxe5 16. Nd5 Nxd5 17. Rxd5 e4 18. Qd4 Rh7 19. Re5 cxb5 20. Rd1 Rc8 21.
Rxe7+ Rxe7 22. Qh8+ Kf7 23. Qh7+ Kf8 24. Qxg6 Rf7 25. Qxh6+ Kg8 26. Rd6 Rg7 27.
Qe6+ Kf8 28. Qxf5+ Rf7 29. Rf6 Rc7 30. Rxf7+ Rxf7 31. Qxb5 1-0

[Event "49th Biel Master Open"]
[Site "Biel SUI"]
[Date "2016.07.25"]
[Round "1.19"]
[White "Hugentobler, Patrick"]
[Black "Erdos, Viktor"]
[Result "1/2-1/2"]
[WhiteTitle "FM"]
[BlackTitle "GM"]
[WhiteElo "2204"]
[BlackElo "2578"]
[WhiteFideId "1301497"]
[BlackFideId "719978"]
[EventDate "2016.07.25"]

1. e4 e5 2. Nf3 Nc6 3. Bb5 Nge7 4. d4 exd4 5. Nxd4 g6 6. O-O Bg7 7. Be3 O-O 8.
Nc3 a6 9. Nxc6 Nxc6 10. Bxc6 bxc6 11. Qd2 Rb8 12. Bd4 f6 13. b3 d6 14. Ne2 c5
15. Bb2 Qe7 16. f3 Qf7 17. Rad1 Bb7 18. c4 a5 19. Qxa5 Ra8 20. Qd2 Rxa2 21. Nc3
Raa8 22. Nd5 Rfb8 23. Qc2 Ra2 24. Ra1 Rxb2 25. Qxb2 Bxd5 26. exd5 f5 27. Qe2 Re8
28. Qd2 Bd4+ 29. Kh1 Bxa1 30. Rxa1 Qf6 31. Re1 Rxe1+ 32. Qxe1 Qe5 33. Qa5 Qe7
34. h3 Kg7 35. f4 g5 36. fxg5 Kg6 37. Qc3 Qxg5 38. Qh8 Qe7 39. Qg8+ Kf6 40. Qh8+
Kg5 41. g3 f4 42. Qg8+ Kf6 43. gxf4 Qe4+ 44. Kg1 Qe3+ 45. Kg2 Qe2+ 46. Kg3 Qe3+
47. Kg2 Qe4+ 48. Kg3 Qe1+ 49. Kg2 Qe2+ 50. Kg3 Qe3+ 1/2-1/2

[Event "49th Biel Master Open"]
[Site "Biel SUI"]
[Date "2016.07.25"]
[Round "1.20"]
[White "Kovchan, Alexander"]
[Black "Masse, Hugues"]
[Result "1-0"]
[WhiteTitle "GM"]
[WhiteElo "2576"]
[BlackElo "2204"]
[WhiteFideId "14103052"]
[BlackFideId "2604264"]
[EventDate "2016.07.25"]

1. e4 e6 2. d4 d5 3. Nc3 Nf6 4. Bg5 Bb4 5. e5 h6 6. Bh4 g5 7. Bg3 Ne4 8. Ne2 c5
9. a3 Bxc3+ 10. Nxc3 Nxc3 11. bxc3 Qa5 12. Qd2 b6 13. dxc5 Qxc5 14. f4 Ba6 15.
Bf2 Qc7 16. Bd3 Bxd3 17. cxd3 Nc6 18. O-O O-O-O 19. fxg5 hxg5 20. Bg3 Rhg8 21.
Rf6 Kb8 22. Raf1 Rd7 23. Qf2 Nd8 24. Qd4 Qc5 25. Qxc5 bxc5 26. Bf2 c4 27. dxc4
dxc4 28. Bc5 Nb7 29. Bd4 Rg7 30. Rb1 Ka8 31. Rb4 Rc7 32. Be3 Rg8 33. Rf1 Na5 34.
Rd1 g4 35. Rd4 g3 36. hxg3 Rgc8 37. Rb5 Nb3 38. Rd6 Nc5 39. Bxc5 Rxc5 40. Rxc5
Rxc5 41. Rd7 Ra5 42. Rxf7 Rxa3 43. g4 Rxc3 44. Kf2 Rc2+ 45. Kg3 Rc3+ 46. Kh4 Rc2
47. Kh3 Re2 48. g5 Rxe5 49. Kg4 Re2 50. g3 Re4+ 51. Rf4 1-0

[Event "49th Biel Master Open"]
[Site "Biel SUI"]
[Date "2016.07.26"]
[Round "2.1"]
[White "Vernay, Clovis"]
[Black "Rodshtein, Maxim"]
[Result "1/2-1/2"]
[WhiteTitle "IM"]
[BlackTitle "GM"]
[WhiteElo "2507"]
[BlackElo "2698"]
[WhiteFideId "633046"]
[BlackFideId "2806851"]
[EventDate "2016.07.25"]

1. d4 d5 2. c4 c6 3. cxd5 cxd5 4. Bf4 Nc6 5. Nc3 Nf6 6. e3 Bf5 7. Bd3 Bxd3 8.
Qxd3 e6 9. Nf3 Bb4 10. O-O O-O 11. Bg5 Bxc3 12. Bxf6 Qxf6 13. Qxc3 Rfc8 14. Rfc1
Rc7 15. Qd2 Rac8 16. Rc3 Qd8 17. Rac1 Ne7 18. R1c2 f6 19. Ne1 Kf7 20. Rxc7 Rxc7
21. b3 Qc8 22. Kf1 Rc6 23. f3 Qc7 24. g3 h5 25. Rxc6 Qxc6 26. Qc2 Qd6 27. Kf2 h4
28. Nd3 g5 29. f4 hxg3+ 30. hxg3 Qb8 31. fxg5 fxg5 32. Ne5+ Kg7 33. g4 Qc8 34.
Qd3 Qe8 35. Ke1 Ng6 36. Nxg6 Qxg6 37. Qxg6+ Kxg6 38. Kd2 b5 39. Kc3 a5 40. b4 a4 1/2-1/2